Určenie vplyvu teploty na chybu meradiel tlaku.

Na minha lista:
Detalhes bibliográficos
Autor principal: Lacik, Šimon (Author)
Outros Autores: Ďuriš, Stanislav (Thesis advisor)
Formato: Manuscrito Livro
Idioma:eslovaco
Publicado em: 2016
Assuntos:
Acesso em linha:http://is.stuba.sk/zp/portal_zp.pl?podrobnosti=120641
Tags: Adicionar Tag
Sem tags, seja o primeiro a adicionar uma tag!

MARC

LEADER 00000ntm a22000003a 4500
001 stuzp58256
003 SK-STU
005 20160719155517.2
007 ta
008 150427s2015----xo-----f-mn---000-0-slo-d
040 |a STU  |b slo 
041 0 |a slo 
100 1 |a Lacik, Šimon  |u 020020  |k Z4  |4 aut  |U SjF Strojnícka fakulta  |T SjF Ústav automatizácie, merania a aplikovanej informatiky  |X 43705  |U J0020  |Y 802  |7 A000043705 
242 0 1 |a Determination of temperature effect on pressure gauges error  |y eng 
245 1 0 |a Určenie vplyvu teploty na chybu meradiel tlaku. 
260 |c 2016 
650 4 |a tlak  |2 slo 
650 4 |a tlakomer  |2 slo 
650 4 |a kalibrácia  |2 slo 
650 4 |a meranie  |2 slo 
650 4 |a namerané hodnoty  |2 slo 
650 4 |a vyhodnotenie  |2 slo 
650 4 |a pressure  |2 eng 
650 4 |a pressure gauge  |2 eng 
650 4 |a calibration  |2 eng 
650 4 |a measurement  |2 eng 
650 4 |a measured values  |2 eng 
650 4 |a evaluation  |2 eng 
700 1 |a Ďuriš, Stanislav  |u 020020  |k Z1  |4 ths  |U SjF Strojnícka fakulta  |T SjF Ústav automatizácie, merania a aplikovanej informatiky  |X 36537  |U J0020  |Y 802  |7 A000036537 
856 4 |u http://is.stuba.sk/zp/portal_zp.pl?podrobnosti=120641 
996 |b 284J044083  |c J* 2372/DP  |l JJSK  |s A  |a 24  |w stuzp58256_0001 
SQL |a stuzp58256  |b DDP  |c SLO  |d Určenie vplyvu teploty na chybu meradiel tlaku.  |e 43705  |f Lacik, Šimon  |g 020020  |h 36537  |i Ďuriš, Stanislav  |j 20160616  |k 648  |l 02  |m http://is.stuba.sk/zp/portal_zp.pl?podrobnosti=120641  |n I-MESK  |o 5.2.53. meranie